000 00690nam a2200241 i 4500
001 C2-0275182
003 PPAK
005 20180728004030.0
008 061015s2002 enka|||| ||||| | eng d
020 _a0192842390
040 _aPPAK
_beng
_cPPAK
_erda
082 0 4 _a709.730904
_223
090 0 0 _a709.730904
_bDOS
_dRLCK
100 1 _aDoss, Erika.,
_eauthor
245 1 0 _aTwentieth-century American art
264 1 _aOxford :
_bOxford University Press ,
_c2002.
300 _a288 pages :
_bcolour illustrations ;
_c24 cm
336 _2rdacontent
_atext
337 _2rdamedia
_aunmediated
338 _2rdacarrier
_avolume
650 1 0 _aArt, American - 20th centry.
942 _ddc
_cB
999 _c82869
_d82869